01378nam a22001337a 4500008004100000020001800041082002200059100002300081245008000104260005300184300002000237505086600257650012101123180505b xxu||||| |||| 00| 0 eng d a9786569843303 a709.050.15bL864r aLópez, Miguel A. aRobar la historia: Contrarrelatos y prácticas artísticas de oposición aSantiago, ChilebEdiciones Metales Pesadosc2017 a223 p.c21,8 cm tPrólogorNelly RichardtIntroducciónt¿Cómo sabemos a qué se parece el conceptualismo latinoamericano?tDesgaste y disolución del objeto en el arte peruano de los años sesenterEscrito con Emilio TarazonatUna guerrilla cultural: Juan Acha y la vanguardia peruanatEl giro discursivo de las exposiciones desde una perspectiva del Sur: São Paulo (1978) y Medellín (1981)tRed Conceptualismos del Sur: Memoria, política, microhistorias y experimentación con archivos.tAcción gráfica en los años ochentatFosa comúntCadáveres maricas. El grupo Chaclacayo y la imagen de la muertetLa realidad me puede chupar la pija, querido. El Museo Travesti del Perú y las historias que merecemostLos feminismos contra la historia (del arte). Notas sobre cultura visual y políticas de representacióntFuente de los textostAgradecimiento 2Arte conteporáneoxArte - ConceptualxArte - GéneroxEstéticaxVanguardismoySiglo XXIzArte - Latinoamérica